000 02045nam a22002057a 4500
999 _c2726
_d2726
003 OSt
005 20230816092857.0
008 230816b ||||| |||| 00| 0 eng d
020 _a9780393353204
040 _cKH8
082 _a900 TOL
100 _aToll, Ian W.,
_eauthor.
245 _aThe Conquering Tide:
_bWar in the Pacific Islands, 1942–1944 /
_cIan W. Toll.
260 _aNew York:
_bW. W. Norton & Company,
_c2016
300 _a688 pages:
_c6.1 x 1.9 x 9.3 inches.
440 _aPacific War Trilogy
520 _aThis masterful history encompasses the heart of the Pacific War―the period between mid-1942 and mid-1944―when parallel Allied counteroffensives north and south of the equator washed over Japan's far-flung island empire like a "conquering tide," concluding with Japan's irreversible strategic defeat in the Marianas. It was the largest, bloodiest, most costly, most technically innovative and logistically complicated amphibious war in history, and it fostered bitter interservice rivalries, leaving wounds that even victory could not heal. Often overlooked, these are the years and fights that decided the Pacific War. Ian W. Toll's battle scenes―in the air, at sea, and in the jungles―are simply riveting. He also takes the reader into the wartime councils in Washington and Tokyo where politics and strategy often collided, and into the struggle to mobilize wartime production, which was the secret of Allied victory. Brilliantly researched, the narrative is propelled and colored by firsthand accounts―letters, diaries, debriefings, and memoirs―that are the raw material of the telling details, shrewd judgment, and penetrating insight of this magisterial history. This volume―continuing the "marvelously readable dramatic narrative" (San Francisco Chronicle) of Pacific Crucible―marks the second installment of the Pacific War Trilogy, which will stand as the first history of the entire Pacific War to be published in at least twenty-five years.
650 _aHistory
_vWar
942 _2ddc
_cTR